Biology / (Record no. 39446)
[ view plain ]
| 000 -LEADER | |
|---|---|
| fixed length control field | 00493nam a2200181 a 4500 |
| 005 - DATE AND TIME OF LATEST TRANSACTION | |
| control field | 20140311163018.0 |
| 008 - FIXED-LENGTH DATA ELEMENTS--GENERAL INFORMATION | |
| fixed length control field | 121127s19uu xx 00 eng d |
| 020 ## - INTERNATIONAL STANDARD BOOK NUMBER | |
| International Standard Book Number | 9781601631640 |
| 050 ## - LIBRARY OF CONGRESS CALL NUMBER | |
| Classification number | QH 307.2 |
| Item number | .D57 2011 |
| 100 ## - MAIN ENTRY--PERSONAL NAME | |
| Personal name | Distefano, Matthew |
| 245 ## - TITLE STATEMENT | |
| Title | Biology / |
| Statement of responsibility, etc | Matthew Distefano. |
| 260 ## - PUBLICATION, DISTRIBUTION, ETC. (IMPRINT) | |
| Place of publication, distribution, etc | Pompton Plains, NJ : |
| Name of publisher, distributor, etc | Career Press, |
| Date of publication, distribution, etc | 2011. |
| 300 ## - PHYSICAL DESCRIPTION | |
| Extent | 335 p. : |
| Other physical details | ill. ; |
| Dimensions | 26 cm. |
| 440 ## - SERIES STATEMENT/ADDED ENTRY--TITLE | |
| Title | Homework helpers |
| 650 ## - SUBJECT ADDED ENTRY--TOPICAL TERM | |
| Topical term or geographic name as entry element | Biology |
| 942 ## - ADDED ENTRY ELEMENTS (KOHA) | |
| Koha item type | Books |
| Source of classification or shelving scheme | Library of Congress Classification |
| Call number prefix | Foreign |
| Withdrawn status | Lost status | Source of classification or shelving scheme | Damaged status | Home library | Current library | Shelving location | Date acquired | Source of acquisition | Total Checkouts | Full call number | Barcode | Date last seen | Copy number | Price effective from | Koha item type |
|---|---|---|---|---|---|---|---|---|---|---|---|---|---|---|---|
| Library of Congress Classification | Archives | Archives | 11/27/2012 | Donation | QH 307.2 .D57 2011 | C15775 | 05/15/2018 | 1 | 02/19/2014 | Books |